000
00300nam a22001337a 4500
999
_c
259427
_d
259426
003
OSt
005
20220927143312.0
008
220927b xxu||||| |||| 00| 0 eng d
040
_c
N/A
100
_a
Paul Johnson
245
_a
Churchill
260
_a
New York
_b
Penguin Group
_c
2009
942
_2
lcc
_c
BK